000 00535nam a2200217Ia 4500
003 OSt
005 20220928141039.0
006 a|||||r|||| 00| 0
007 ta
008 220927b |||||||| |||| 00| 0 eng d
024 _a13124
037 _cTextual
040 _aSDCL
_cSDCL
_beng
041 _2eng
_aeng
082 _aO-,3NSC,1, L5
100 _aStafford Caroline
_9498690
245 0 _aHouse by exmoor.
260 _c1975
942 _hO-,3NSC,1, L5
_cTEXL
_2CC
999 _c815533
_d815533